000 00296nam a22001097a 4500
008 160423b xxu||||| |||| 00| 0 eng d
020 _a101133610110
041 _aeng
080 _a612.39
245 _aNutrition Concepts Controversies:
_cFrances Sienkiewicz Sizer; Ellie Whitnery;
942 _2udc
_cBK
999 _c1554
_d1554